| 000 | 00660nam a2200193Ia 4500 | ||
|---|---|---|---|
| 003 | GCL | ||
| 008 | 140319s9999 xx 000 0 ara d | ||
| 040 |
_aGCL / _cGCL |
||
| 082 | 0 | 4 |
_a415.1 _bق ا |
| 100 | 1 | _aالقيسى : ابو عبد الله محمد بن على بن جعفر | |
| 245 | 1 | 0 |
_aايضاح شواهد الايضاح / _cالقيسى : ابو عبد الله محمد بن على بن جعفر |
| 700 | 1 | _aمحمد بن حمود الدعجانى | |
| 260 |
_a[S.N] : _bدار الغرب الاسلامى ، _c1987 |
||
| 300 | _a562 ص | ||
| 490 | _a | ||
| 650 | 0 | 4 | _aالنحو |
| 650 | 0 | 4 | _aاللغة العربية |
| 942 |
_2ddc _cBK |
||
| 999 |
_c37239 _d37239 |
||